[Event "IECG TG-2003-0-14949"]
[Site "IECG email"]
[Date "2003.07.27"]
[Round "1"]
[White "Scovil, Allen"]
[Black "Roberts, James"]
[Result "1-0"]
[WhiteElo "800"]
[BlackElo "800"]
[PlyCount "23"]
[EventDate "2003.07.27"]
[EventType "tourn (corr)"]
[EventRounds "6"]
[SourceTitle "Corr 2024"]
[Source "ChessBase"]
[SourceDate "2023.10.19"]
[SourceVersion "1"]
[SourceVersionDate "2023.10.19"]
[SourceQuality "1"]

1. c4 c5 2. g3 g6 3. Bg2 Bg7 4. e3 Nc6 5. Nf3 Nf6 6. d4 cxd4 7. exd4 Qa5+ 8. Bd2 Qb6 9. b3 Nxd4 10. Be3 Nxf3+ 11. Bxf3 Nh5 12. Bxb6 1-0

[Event "IECG TG-2003-0-14924"]
[Site "IECG email"]
[Date "2003.06.27"]
[Round "1"]
[White "Scovil, Allen"]
[Black "Ergur, Fuat"]
[Result "0-1"]
[WhiteElo "800"]
[BlackElo "800"]
[PlyCount "44"]
[EventDate "2003.06.27"]
[EventType "tourn (corr)"]
[EventRounds "6"]
[SourceTitle "Corr 2024"]
[Source "ChessBase"]
[SourceDate "2023.10.19"]
[SourceVersion "1"]
[SourceVersionDate "2023.10.19"]
[SourceQuality "1"]

1. c4 g6 2. g3 Bg7 3. Bg2 e5 4. e3 Nf6 5. Ne2 d6 6. d4 0-0 7. 0-0 c5 8. d5 e4 9. Nbc3 Re8 10. a3 Nbd7 11. Nb5 Ne5 12. b3 Nf3+ 13. Bxf3 exf3 14. Nf4 Ne4 15. Ra2 a6 16. Nxd6 Qxd6 17. Qxf3 Qb6 18. b4 cxb4 19. axb4 Qxb4 20. Rc2 Bf5 21. Nd3 Qb3 22. Qe2 Nxg3 0-1